Bharotiya arthaniti (Record no. 1075)

MARC details
000 -LEADER
fixed length control field 00469cam a2200193ua 4500
008 - FIXED-LENGTH DATA ELEMENTS--GENERAL INFORMATION
fixed length control field 110610n ii |||gr||||Z||||||asm
020 ## - INTERNATIONAL STANDARD BOOK NUMBER
International Standard Book Number 81-7339-171-8
040 ## - CATALOGING SOURCE
Transcribing agency MAIN
082 ## - DEWEY DECIMAL CLASSIFICATION NUMBER
Classification number 330.954
245 10 - TITLE STATEMENT
Title Bharotiya arthaniti
Statement of responsibility, etc. by Khirod Saikia
250 ## - EDITION STATEMENT
Edition statement 5th rev. ed.
260 ## - PUBLICATION, DISTRIBUTION, ETC.
Place of publication, distribution, etc. Dibrugarh:
Name of publisher, distributor, etc. Banalata,997.
300 ## - PHYSICAL DESCRIPTION
Extent vii,381p.:5cm.
700 ## - ADDED ENTRY--PERSONAL NAME
Personal name Saikia, Khirod,
Relator term
942 ## - ADDED ENTRY ELEMENTS (KOHA)
Koha item type Books
653 ## - INDEX TERM--UNCONTROLLED
Uncontrolled term Economics
653 ## - INDEX TERM--UNCONTROLLED
Uncontrolled term Indian economy
Holdings
Withdrawn status Lost status Damaged status Not for loan Home library Current library Shelving location Date acquired Total Checkouts Full call number Barcode Date last seen Copy number Price effective from Koha item type
        Naharkatiya College Library Naharkatiya College Library   19/09/2020   330.954 | SAI 2713 19/09/2020 3 19/09/2020 Books
        Naharkatiya College Library Naharkatiya College Library   19/09/2020   330.954 | SAI 2714 19/09/2020 2 19/09/2020 Books
        Naharkatiya College Library Naharkatiya College Library   19/09/2020   330.954 | SAI 2716 19/09/2020 1 19/09/2020 Books
        Naharkatiya College Library Naharkatiya College Library   19/09/2020   330.954 | SAI 2717 19/09/2020 4 19/09/2020 Books

Naharkatiya College © 2020. All rights reserved.

Powered By